000 00652nam a22002177a 4500
003 LK-CoMWRAF
005 20231109111625.0
008 231012b2003 |||||||| |||| 00| 0 eng d
020 _a0471273198
040 _aLK-CoMWRAF
_dLK-CoMWRAF
_eLK-CoMWRAF
041 _aeng
082 _a658.4
_bCAS
100 _aCashman, Kevin.
245 _aAwakening the leader within:
_b a story of transformation
260 _aHoboken:
_bWiley,
_c2003
300 _axii, 323 p. ; 24 cm.
_bBibliography included
650 _aLEADERSHIP-Philosophy
650 _aLeadership--. Executives--Training of. Management--Philosophy.
700 _aForem, Jack
942 _cBK
999 _c3835
_d3835